| 000 | 00000nas##2200000za#4500 |
| 001 | 9.511874 |
| 003 | CaOODSP |
| 005 | 20241101141008 |
| 007 | ta |
| 008 | 150406c2009||||xxc|| p #||||f| |0eng|d |
| 022 | |a1922-3056 |
| 040 | |aCaOODSP|beng |
| 041 | |aeng |
| 041 | |afre |
| 043 | |an-cn--- |
| 086 | 1 |aV100 |
| 110 | 1 |aCanada. |bOffice of the Veterans Ombudsman. |
| 245 | 10|aOffice of the Veterans Ombudsman - annual report |
| 260 | |aOttawa - Ontario : |bVeterans Affairs Canada. |
| 310 | |aAnnual |
| 362 | 1 |a[2008-2009]-- |
| 520 | 3 |aProvides an overview of the structure, operations, and progress of the Office of the Veterans Ombudsman. |
| 563 | |aSoftcover |
| 776 | 0#|tAnnual report |w(CaOODSP)9.505906 |
| 792 | |tBureau de l'ombudsman des vétérans - rapport annuel |efre|w(CaOODSP)9.511875 |